Samospráva musí byť efektívnejšia

Podstata reformy verejnej správy. Decentralizáciou kompetencií sa presunie do samosprávy asi 50 miliárd korún. Štruktúra osídlenia v SR. Zahraničné príklady rozdelenia niektorých kompetencií vo verejnej správe. Výdavky na aparát štátnej správy na okresnom stupni.

Gespeichert in:
Bibliographische Detailangaben
1. Verfasser: Polakovič, Ivan
Format: Buchkapitel
Sprache:Slowakisch
Schlagworte:
Tags: Tag hinzufügen
Keine Tags, Fügen Sie das erste Tag hinzu!

MARC

LEADER 00000naa a2200000 4500
001 r036152
005 20230919123233.3
041 0 |a slo 
044 |a SK 
245 1 0 |a Samospráva musí byť efektívnejšia  |c Ivan Polakovič 
520 |a Podstata reformy verejnej správy. Decentralizáciou kompetencií sa presunie do samosprávy asi 50 miliárd korún. Štruktúra osídlenia v SR. Zahraničné príklady rozdelenia niektorých kompetencií vo verejnej správe. Výdavky na aparát štátnej správy na okresnom stupni. 
610 2 0 |a decentralizácia 
610 2 0 |a správa verejná 
610 2 0 |a kompetencie 
610 2 0 |a výdavky na správu štátnu 
610 2 0 |a obce 
610 2 0 |a dotácie 
610 2 0 |a reformy štruktúrne 
610 2 0 |a Slovensko 
100 1 |a Polakovič, Ivan